[Event "WinterChess marzo IM"]
[Site "Can Picafort (Palma de Mallorc"]
[Date "2014.03.23"]
[Round "1.1"]
[White "Ivanov, Jordan"]
[Black "Lyell, Mark"]
[Result "1-0"]
[WhiteElo "2375"]
[BlackElo "2205"]
[PlyCount "98"]
[EventDate "2014.03.23"]

1. d4 f5 2. c4 Nf6 3. Nc3 e6 4. Nf3 Bb4 5. Qc2 b6 6. e3 Bb7 7. Bd3 O-O 8. O-O
Bxc3 9. Qxc3 Ne4 10. Qc2 d6 11. Ne1 Nd7 12. f3 Nef6 13. b3 Qe7 14. Bb2 Rae8 15.
Qc3 Nh5 16. Qc2 Qg5 17. f4 Qg6 18. Nf3 Nhf6 19. Rae1 Ne4 20. Re2 a5 21. a3 Ndf6
22. b4 axb4 23. axb4 Ra8 24. b5 Ra7 25. Ra1 Rfa8 26. Rxa7 Rxa7 27. Re1 Qe8 28.
Kf1 Qa8 29. Qb3 h6 30. Rd1 Ng4 31. Ke2 Nef2 32. Rf1 Nxd3 33. Qxd3 Ra2 34. Qb3
Be4 35. Nd2 Bxg2 36. Rg1 Bb7 37. h3 Nf6 38. d5 Nh5 39. dxe6 Be4 40. Nxe4 fxe4
41. c5 Kf8 42. cxd6 cxd6 43. Qc3 Qe8 44. Ke1 Qxe6 45. f5 Qd7 46. Ba3 Nf6 47.
Bb2 Qxf5 48. Rf1 Qe6 49. Rf2 Kg8 1-0

[Event "WinterChess marzo IM"]
[Site "Can Picafort (Palma de Mallorc"]
[Date "2014.03.23"]
[Round "1.2"]
[White "Arroyo Salido, Marcelino-Eudor"]
[Black "Constantinou, Peter"]
[Result "0-1"]
[WhiteElo "2043"]
[BlackElo "2270"]
[PlyCount "140"]
[EventDate "2014.03.23"]

1. d4 d5 2. Nf3 Nf6 3. c4 c6 4. Qc2 g6 5. Nc3 Bg7 6. Bf4 dxc4 7. e4 b5 8. a4 b4
9. Nb1 b3 10. Qxc4 Ba6 11. Qxb3 Bxf1 12. Kxf1 Nxe4 13. Nc3 Nxc3 14. Qxc3 O-O
15. g3 Qd5 16. Rc1 c5 17. Kg2 Bxd4 18. Qc4 Qxc4 19. Rxc4 Bxb2 20. Rxc5 Nd7 21.
Rc7 Nb6 22. Rxe7 Nxa4 23. Be3 a5 24. Rd1 Nc3 25. Rd2 Ba3 26. Rb7 Rfb8 27. Rdd7
Rxb7 28. Rxb7 Ne4 29. Ne5 Nd6 30. Rd7 Bb2 31. Nc6 Nf5 32. Bd2 a4 33. Nb4 a3 34.
Na2 h5 35. h3 Rc8 36. g4 hxg4 37. hxg4 Nd4 38. Bb4 Nc6 39. Bd6 Ne5 40. Ra7 Nxg4
41. Bxa3 Bxa3 42. Rxa3 Rc2 43. Nb4 Rxf2+ 44. Kg3 f5 45. Nd5 Rd2 46. Nf4 Rd6 47.
Kh4 Ne5 48. Ra7 Nf7 49. Kg3 Kg7 50. Nh3 Kf6 51. Nf4 g5 52. Ng2 Rb6 53. Kf3 Ne5+
54. Kg3 f4+ 55. Kf2 Rb2+ 56. Kf1 Kf5 57. Ra5 Ke4 58. Ne1 Rb1 59. Kf2 g4 60.
Ra4+ Kf5 61. Ra5 g3+ 62. Ke2 Rb2+ 63. Kf1 Rf2+ 64. Kg1 Re2 65. Kf1 Re3 66. Ng2
Re4 67. Ne1 Kg4 68. Ng2 f3 69. Ne1 Nc4 70. Ra8 Nd2+ 0-1

[Event "WinterChess marzo IM"]
[Site "Can Picafort (Palma de Mallorc"]
[Date "2014.03.23"]
[Round "1.3"]
[White "Mascaro March, Pedro"]
[Black "Diaz Nunez, Adolfo"]
[Result "1/2-1/2"]
[WhiteElo "2413"]
[BlackElo "2258"]
[PlyCount "67"]
[EventDate "2014.03.23"]

1. d4 d5 2. Nf3 Nf6 3. Bg5 Ne4 4. Bf4 c5 5. c3 Nc6 6. e3 cxd4 7. exd4 g6 8.
Nbd2 Nf6 9. Ne5 Bg7 10. Bb5 Bd7 11. Nxd7 Qxd7 12. O-O O-O 13. h3 a6 14. Bd3 Nh5
15. Bh2 Bh6 16. Re1 Bf4 17. Nf3 e6 18. g3 Bc7 19. Qd2 f6 20. g4 Bxh2+ 21. Nxh2
Ng7 22. f4 f5 23. g5 Ne8 24. Qe3 Kf7 25. c4 Nd6 26. cxd5 exd5 27. Nf3 Ne4 28.
Rac1 Kg8 29. Ne5 Qd6 30. a3 Rac8 31. Rc2 Rc7 32. Rec1 Rfc8 33. h4 Ne7 34. Kg2
1/2-1/2

[Event "WinterChess marzo IM"]
[Site "Can Picafort (Palma de Mallorc"]
[Date "2014.03.23"]
[Round "1.4"]
[White "Stokke, Kjetil"]
[Black "Nilsen, Joachim Birger"]
[Result "1/2-1/2"]
[WhiteElo "2372"]
[BlackElo "2304"]
[PlyCount "41"]
[EventDate "2014.03.23"]

1. d4 Nf6 2. c4 e6 3. Nc3 Bb4 4. Qc2 O-O 5. a3 Bxc3+ 6. Qxc3 d5 7. Nf3 dxc4 8.
Qxc4 b6 9. Bg5 Ba6 10. Qa4 c5 11. dxc5 bxc5 12. Rd1 Qb6 13. Bxf6 gxf6 14. Rd2
Nc6 15. Qg4+ Kh8 16. Qh4 Kg7 17. Qg4+ Kh8 18. Qh4 Kg7 19. Qg4+ Kh8 20. Qh4 Kg7
21. Qg4+ 1/2-1/2

[Event "WinterChess marzo IM"]
[Site "Can Picafort (Palma de Mallorc"]
[Date "2014.03.23"]
[Round "1.5"]
[White "Van Foreest, Jorden"]
[Black "Van Foreest, Lucas"]
[Result "1-0"]
[WhiteElo "2380"]
[BlackElo "2147"]
[PlyCount "37"]
[EventDate "2014.03.23"]

1. e4 e5 2. Nf3 Nc6 3. d4 exd4 4. Nxd4 g6 5. Nc3 Bg7 6. Be3 Nge7 7. Qd2 O-O 8.
O-O-O d5 9. exd5 Nxd5 10. Nxc6 bxc6 11. Bd4 Bxd4 12. Qxd4 Qg5+ 13. Kb1 Rd8 14.
Bc4 Qxg2 15. Bxd5 cxd5 16. Rhg1 Qxh2 17. Rh1 c5 18. Qf6 Qd6 19. Nxd5 1-0

[Event "WinterChess marzo IM"]
[Site "Can Picafort (Palma de Mallorc"]
[Date "2014.03.24"]
[Round "2.1"]
[White "Lyell, Mark"]
[Black "Van Foreest, Lucas"]
[Result "1/2-1/2"]
[WhiteElo "2205"]
[BlackElo "2147"]
[PlyCount "48"]
[EventDate "2014.03.23"]

1. e4 e5 2. Nc3 Nc6 3. Bc4 Nf6 4. d3 Na5 5. Nge2 Nxc4 6. dxc4 Bc5 7. O-O h6 8.
Qd3 d6 9. Be3 Bb6 10. Rad1 Qe7 11. f4 Bxe3+ 12. Qxe3 exf4 13. Nxf4 Be6 14. Qd4
O-O 15. Rde1 Ng4 16. Ncd5 Bxd5 17. exd5 Qf6 18. Qd1 Qh4 19. h3 Ne5 20. c5 Rfe8
21. cxd6 cxd6 22. Re4 Rac8 23. c3 Re7 24. Qe1 Qxe1 1/2-1/2

[Event "WinterChess marzo IM"]
[Site "Can Picafort (Palma de Mallorc"]
[Date "2014.03.24"]
[Round "2.2"]
[White "Nilsen, Joachim Birger"]
[Black "Van Foreest, Jorden"]
[Result "1/2-1/2"]
[WhiteElo "2304"]
[BlackElo "2380"]
[PlyCount "59"]
[EventDate "2014.03.23"]

1. d4 Nf6 2. c4 g6 3. Nc3 Bg7 4. e4 d6 5. Be2 O-O 6. Nf3 e5 7. O-O Nc6 8. d5
Ne7 9. b4 Ne8 10. c5 f5 11. Ng5 Nf6 12. f3 a5 13. Qb3 h6 14. Ne6 Bxe6 15. dxe6
d5 16. Nxd5 Nfxd5 17. exd5 Qxd5 18. Bc4 Qd4+ 19. Be3 a4 20. Bxd4 axb3 21. Bc3
bxa2 22. Rxa2 Rxa2 23. Bxa2 e4 24. Bxg7 Kxg7 25. fxe4 fxe4 26. Rxf8 Kxf8 27.
Kf2 Nc6 28. b5 Nb4 29. Bc4 Nd3+ 30. Bxd3 1/2-1/2

[Event "WinterChess marzo IM"]
[Site "Can Picafort (Palma de Mallorc"]
[Date "2014.03.24"]
[Round "2.3"]
[White "Diaz Nunez, Adolfo"]
[Black "Stokke, Kjetil"]
[Result "1/2-1/2"]
[WhiteElo "2258"]
[BlackElo "2372"]
[PlyCount "53"]
[EventDate "2014.03.23"]

1. Nf3 Nf6 2. c4 g6 3. Nc3 Bg7 4. e4 O-O 5. d4 d6 6. Be2 e5 7. Be3 Ng4 8. Bg5
f6 9. Bh4 Nc6 10. d5 Ne7 11. Nd2 h5 12. h3 Nh6 13. g4 hxg4 14. hxg4 Nf7 15. Qc2
Bd7 16. O-O-O c5 17. Rh2 a6 18. Kb1 b5 19. Rdh1 Nc8 20. Bg3 Nb6 21. f4 Nxc4 22.
Nxc4 bxc4 23. f5 Rb8 24. Bf1 Qa5 25. Nd1 Qa4 26. fxg6 Ng5 27. Ne3 1/2-1/2

[Event "WinterChess marzo IM"]
[Site "Can Picafort (Palma de Mallorc"]
[Date "2014.03.24"]
[Round "2.4"]
[White "Constantinou, Peter"]
[Black "Mascaro March, Pedro"]
[Result "1/2-1/2"]
[WhiteElo "2270"]
[BlackElo "2413"]
[PlyCount "46"]
[EventDate "2014.03.23"]

1. d4 Nf6 2. c3 d5 3. Nf3 c6 4. Bf4 Bf5 5. e3 h6 6. Qb3 Qb6 7. c4 dxc4 8. Bxc4
e6 9. Nc3 Nbd7 10. Ne5 Nxe5 11. Bxe5 Be7 12. f3 O-O 13. Bg3 Qxb3 14. Bxb3 Bd3
15. O-O-O Ba6 16. e4 Rac8 17. Kb1 Rfd8 18. Bh4 Rd7 19. Bf2 b6 20. Na4 Ne8 21.
Be3 Nd6 22. Nc5 bxc5 23. dxc5 Rcc7 1/2-1/2

[Event "WinterChess marzo IM"]
[Site "Can Picafort (Palma de Mallorc"]
[Date "2014.03.24"]
[Round "2.5"]
[White "Ivanov, Jordan"]
[Black "Arroyo Salido, Marcelino-Eudor"]
[Result "0-1"]
[WhiteElo "2375"]
[BlackElo "2043"]
[PlyCount "46"]
[EventDate "2014.03.23"]

1. d4 d5 2. c4 e6 3. Nc3 c5 4. e3 Nf6 5. Nf3 a6 6. cxd5 exd5 7. Be2 Nc6 8. O-O
Bd6 9. dxc5 Bxc5 10. b3 O-O 11. Bb2 Ba7 12. Na4 Ne4 13. Rc1 Re8 14. Nd4 Qd6 15.
Re1 Qh6 16. Bf3 Ne5 17. Be2 Qh4 18. g3 Qh6 19. h4 b5 20. Bxb5 axb5 21. Nxb5 Bg4
22. Qxd5 Nf3+ 23. Kg2 Nxh4+ 0-1

[Event "WinterChess marzo IM"]
[Site "Can Picafort (Palma de Mallorc"]
[Date "2014.03.25"]
[Round "3.1"]
[White "Arroyo Salido, Marcelino-Eudor"]
[Black "Lyell, Mark"]
[Result "1-0"]
[WhiteElo "2043"]
[BlackElo "2205"]
[PlyCount "177"]
[EventDate "2014.03.23"]

1. d4 Nf6 2. c4 e6 3. Nf3 d5 4. Bg5 Bb4+ 5. Nc3 O-O 6. e3 h6 7. Bh4 c5 8. cxd5
exd5 9. dxc5 Be6 10. Be2 Nbd7 11. O-O Rc8 12. Rc1 Rxc5 13. Nb5 a6 14. Rxc5 Bxc5
15. Nbd4 Qb8 16. Bg3 Qa7 17. Qd3 Ne4 18. Nb3 Bb6 19. Rc1 Nxg3 20. hxg3 Nf6 21.
Nfd4 Ne4 22. a4 Qb8 23. Bf3 Qe5 24. Nd2 f5 25. g4 Nxf2 26. Kxf2 fxg4 27. Kg1
gxf3 28. N2xf3 Rxf3 29. gxf3 Bxd4 30. Qxd4 Qg3+ 31. Kh1 Qxf3+ 32. Kh2 Bf5 33.
Qf4 Qh3+ 34. Kg1 Be4 35. Kf2 Qg2+ 36. Ke1 Qxb2 37. Rc7 Bd3 38. Qf3 Qb4+ 39. Kf2
Qb2+ 40. Kg3 Be4 41. Qf2 Qe5+ 42. Qf4 Qa1 43. Qf2 b5 44. axb5 axb5 45. Rb7 Qe5+
46. Qf4 Qb2 47. Qf2 Qxf2+ 48. Kxf2 Bd3 49. Kg3 Kh7 50. Kg4 Kg6 51. Kf4 Be2 52.
Rd7 Bc4 53. Rb7 Bf1 54. Rd7 Bg2 55. Rb7 Be4 56. Rxb5 Kh5 57. Kg3 Kg5 58. Rb2
Kf6 59. Rb6+ Kf5 60. Rb7 g5 61. Rb8 h5 62. Rf8+ Kg6 63. Rg8+ Kf6 64. Rf8+ Ke6
65. Re8+ Kf7 66. Ra8 Bf5 67. Ra6 h4+ 68. Kf3 Be6 69. Ra8 g4+ 70. Kf4 g3 71. Kf3
Kg7 72. Ra4 g2 73. Kxg2 h3+ 74. Kg3 Kf6 75. Kf4 Bc8 76. Ra2 Kg6 77. Rc2 Bd7 78.
Rb2 Kh5 79. Rb8 Kg6 80. Rh8 Kf6 81. Rh6+ Kg7 82. Kg5 Bc8 83. Rh4 Be6 84. Rh6
Bc8 85. Rc6 Bd7 86. Rc7 h2 87. Rxd7+ Kf8 88. Kf6 Kg8 89. Kg6 1-0

[Event "WinterChess marzo IM"]
[Site "Can Picafort (Palma de Mallorc"]
[Date "2014.03.25"]
[Round "3.3"]
[White "Stokke, Kjetil"]
[Black "Constantinou, Peter"]
[Result "1-0"]
[WhiteElo "2372"]
[BlackElo "2270"]
[PlyCount "93"]
[EventDate "2014.03.23"]

1. d4 d5 2. c4 c6 3. Nf3 Nf6 4. Qc2 dxc4 5. Qxc4 Bf5 6. g3 e6 7. Bg2 Nbd7 8.
O-O Be7 9. e3 O-O 10. Rd1 Qc7 11. Nc3 e5 12. h3 Rad8 13. b3 a6 14. Bb2 h6 15.
Qe2 Bb4 16. dxe5 Bxc3 17. Bxc3 Nd5 18. Bb2 Be4 19. Rd4 Bxf3 20. Qxf3 Nxe5 21.
Qh5 Nf6 22. Qf5 Rxd4 23. Bxd4 Re8 24. g4 Qd7 25. Qxd7 Nexd7 26. Rd1 Nf8 27. Kh2
Ne4 28. f3 Nf6 29. Kg3 Rd8 30. Rd2 Ne6 31. Bc3 Nd5 32. Bd4 c5 33. Bxc5 Nxc5 34.
e4 g5 35. exd5 Ne6 36. Bf1 Nc7 37. f4 Kf8 38. Bg2 Nb5 39. h4 f6 40. fxg5 fxg5
41. Rf2+ Ke7 42. Re2+ Kf7 43. Re6 Nc3 44. Rxh6 gxh4+ 45. Kxh4 Nxa2 46. Rh7+ Kg6
47. Rxb7 1-0

[Event "WinterChess marzo IM"]
[Site "Can Picafort (Palma de Mallorc"]
[Date "2014.03.25"]
[Round "3.4"]
[White "Van Foreest, Jorden"]
[Black "Diaz Nunez, Adolfo"]
[Result "1-0"]
[WhiteElo "2380"]
[BlackElo "2258"]
[PlyCount "83"]
[EventDate "2014.03.23"]

1. Nf3 d5 2. g3 Nf6 3. Bg2 c6 4. c4 dxc4 5. O-O Nbd7 6. Qc2 Nb6 7. Na3 g6 8.
Nxc4 Nxc4 9. Qxc4 Bg7 10. d3 O-O 11. Bd2 a5 12. h3 h6 13. e4 Be6 14. Qc2 Qd7
15. Ne5 Qc8 16. Nc4 Bxc4 17. Qxc4 Rd8 18. Be3 Ne8 19. Bb6 Rd7 20. f4 Ra6 21.
Be3 Qd8 22. f5 g5 23. Rad1 Bd4 24. Bxd4 Rxd4 25. Qc2 Qd6 26. Qe2 Qe5 27. f6
exf6 28. Rf5 Qxg3 29. e5 fxe5 30. Rf3 Qh4 31. Qxe5 Rd8 32. d4 Raa8 33. Rxf7
Kxf7 34. Rf1+ Qf4 35. Rxf4+ gxf4 36. d5 Rd6 37. dxc6 bxc6 38. Bxc6 Rxc6 39.
Qd5+ Re6 40. Qxa8 Re5 41. Kf2 Kf6 42. Kf3 1-0

[Event "WinterChess marzo IM"]
[Site "Can Picafort (Palma de Mallorc"]
[Date "2014.03.25"]
[Round "3.5"]
[White "Van Foreest, Lucas"]
[Black "Nilsen, Joachim Birger"]
[Result "1/2-1/2"]
[WhiteElo "2147"]
[BlackElo "2304"]
[PlyCount "124"]
[EventDate "2014.03.23"]

1. d4 Nf6 2. c4 g6 3. Nc3 Bg7 4. e4 O-O 5. f3 d6 6. Be3 Nbd7 7. Bd3 a6 8. Nge2
c5 9. O-O cxd4 10. Nxd4 Ne5 11. Be2 Nc6 12. Nc2 Be6 13. Rc1 Rb8 14. Na3 Nd7 15.
Kh1 Nc5 16. Qd2 Qa5 17. Rfd1 Na4 18. Nxa4 Qxa4 19. Qc2 Qxc2 20. Rxc2 Rfc8 21.
Rcd2 Nb4 22. Nc2 Nxa2 23. Ra1 Nc3 24. bxc3 Bxc3 25. Ra4 Bxd2 26. Bxd2 b5 27.
Rxa6 Bxc4 28. Bxc4 bxc4 29. Bb4 c3 30. Kg1 Rxb4 31. Nxb4 c2 32. Nxc2 Rxc2 33.
Ra7 Kf8 34. h4 Rd2 35. Kh2 f5 36. Ra8+ Kf7 37. Rh8 fxe4 38. fxe4 Re2 39. Rxh7+
Kf6 40. Kg3 Rxe4 41. Kf3 d5 42. g4 Rb4 43. g5+ Ke6 44. Kg3 d4 45. Rg7 d3 46.
Rxg6+ Kf5 47. Rg8 Rg4+ 48. Kf2 e5 49. Ke3 Rg3+ 50. Kd2 Ke4 51. Rd8 Rg2+ 52. Kc3
Rg3 53. g6 Rxg6 54. Rxd3 Rh6 55. Rh3 Rh5 56. Kd2 Kf4 57. Ke2 e4 58. Ke1 Re5 59.
Ra3 Rb5 60. h5 Rxh5 61. Ke2 Rh2+ 62. Ke1 Rb2 1/2-1/2

[Event "WinterChess marzo IM"]
[Site "Can Picafort (Palma de Mallorc"]
[Date "2014.03.25"]
[Round "4.1"]
[White "Lyell, Mark"]
[Black "Nilsen, Joachim Birger"]
[Result "1-0"]
[WhiteElo "2205"]
[BlackElo "2304"]
[PlyCount "51"]
[EventDate "2014.03.23"]

1. e4 e5 2. Nf3 Nc6 3. Bc4 Bc5 4. b4 Bxb4 5. c3 Ba5 6. d4 d6 7. Qb3 Qd7 8. Nbd2
Bb6 9. dxe5 dxe5 10. Ba3 Na5 11. Qb4 c5 12. Qb2 Nxc4 13. Nxc4 Qe6 14. Nfxe5 f6
15. Qb5+ Kf8 16. O-O-O fxe5 17. Bxc5+ Kf7 18. Rd6 Qe8 19. Rxb6 Qxb5 20. Nxe5+
Ke8 21. Rxb5 Nf6 22. Rd1 b6 23. Ba3 Ba6 24. Rb4 h5 25. Rbd4 h4 26. Rd6 1-0

[Event "WinterChess marzo IM"]
[Site "Can Picafort (Palma de Mallorc"]
[Date "2014.03.25"]
[Round "4.2"]
[White "Diaz Nunez, Adolfo"]
[Black "Van Foreest, Lucas"]
[Result "1/2-1/2"]
[WhiteElo "2258"]
[BlackElo "2147"]
[PlyCount "44"]
[EventDate "2014.03.23"]

1. Nf3 Nf6 2. c4 g6 3. Nc3 Bg7 4. e4 d6 5. d4 O-O 6. Be2 e5 7. Be3 Ng4 8. Bg5
f6 9. Bc1 Nc6 10. d5 Ne7 11. h3 Nh6 12. h4 f5 13. Ng5 f4 14. h5 Nf7 15. Nxf7
Rxf7 16. Bd2 g5 17. a4 a5 18. Ra3 b6 19. Bg4 Bxg4 20. Qxg4 h6 21. Nb5 Qc8 22.
Qxc8+ Rxc8 1/2-1/2

[Event "WinterChess marzo IM"]
[Site "Can Picafort (Palma de Mallorc"]
[Date "2014.03.25"]
[Round "4.3"]
[White "Constantinou, Peter"]
[Black "Van Foreest, Jorden"]
[Result "0-1"]
[WhiteElo "2270"]
[BlackElo "2380"]
[PlyCount "78"]
[EventDate "2014.03.23"]

1. d4 d5 2. c4 c6 3. Nf3 Nf6 4. e3 Bg4 5. Nc3 e6 6. Qb3 Qc7 7. Bd2 Nbd7 8. Rc1
Qb6 9. Be2 Be7 10. h3 Bh5 11. g4 Bg6 12. Nh4 Be4 13. f3 Bg6 14. Qxb6 axb6 15.
a3 dxc4 16. Bxc4 Ne4 17. Nxe4 Bxh4+ 18. Ke2 O-O-O 19. Be1 Bxe1 20. Rhxe1 h5 21.
g5 h4 22. Bd3 Kb8 23. Nf2 Bh5 24. Ng4 e5 25. Nxe5 Nxe5 26. dxe5 Rhe8 27. Bf5
Rxe5 28. Bg4 Rxg5 29. Bxh5 Rg2+ 30. Kf1 Rdd2 31. Red1 Rdf2+ 32. Ke1 Rxb2 33.
Kf1 g6 34. Rd8+ Ka7 35. Rd7 gxh5 36. Rxf7 Rh2 37. Kg1 Rxh3 38. Rxc6 Rg3+ 39.
Kh1 Rh3+ 0-1

[Event "WinterChess marzo IM"]
[Site "Can Picafort (Palma de Mallorc"]
[Date "2014.03.25"]
[Round "4.4"]
[White "Ivanov, Jordan"]
[Black "Stokke, Kjetil"]
[Result "1/2-1/2"]
[WhiteElo "2375"]
[BlackElo "2372"]
[PlyCount "24"]
[EventDate "2014.03.23"]

1. d4 Nf6 2. c4 g6 3. Nc3 Bg7 4. e4 d6 5. h3 Nbd7 6. Nf3 e5 7. d5 Nc5 8. Qc2 a5
9. Be3 O-O 10. g4 c6 11. Be2 cxd5 12. exd5 e4 1/2-1/2

[Event "WinterChess marzo IM"]
[Site "Can Picafort (Palma de Mallorc"]
[Date "2014.03.25"]
[Round "4.5"]
[White "Arroyo Salido, Marcelino-Eudor"]
[Black "Mascaro March, Pedro"]
[Result "0-1"]
[WhiteElo "2043"]
[BlackElo "2413"]
[PlyCount "88"]
[EventDate "2014.03.23"]

1. d4 Nf6 2. c4 e6 3. Nf3 b6 4. g3 Ba6 5. Qa4 c5 6. dxc5 bxc5 7. Bg2 Bb7 8. O-O
Be7 9. Nc3 O-O 10. Rd1 d6 11. Bf4 Qb6 12. Rd2 Rd8 13. Rad1 a6 14. Qb3 Qxb3 15.
axb3 Ne8 16. e4 f6 17. e5 fxe5 18. Nxe5 Bxg2 19. Kxg2 Rc8 20. Nf3 Nc6 21. Bxd6
Bxd6 22. Rxd6 Nxd6 23. Rxd6 Rab8 24. Rxe6 Rxb3 25. Nd5 a5 26. Rd6 Kh8 27. Ng5
h6 28. Ne6 Ne5 29. h4 Rxb2 30. Ndf4 Ra8 31. h5 a4 32. Ng6+ Nxg6 33. hxg6 Rb7
34. Nxc5 Rba7 35. Ne6 a3 36. c5 a2 37. c6 a1=Q 38. c7 Rxc7 39. Nxc7 Qe5 40. Rd7
Qe4+ 41. Kh2 Rf8 42. Rf7 Rxf7 43. gxf7 Qf3 44. Kg1 Qxf7 0-1

[Event "WinterChess marzo IM"]
[Site "Can Picafort (Palma de Mallorc"]
[Date "2014.03.26"]
[Round "5.1"]
[White "Mascaro March, Pedro"]
[Black "Lyell, Mark"]
[Result "1/2-1/2"]
[WhiteElo "2413"]
[BlackElo "2205"]
[PlyCount "72"]
[EventDate "2014.03.23"]

1. d4 e6 2. Nf3 f5 3. Bf4 Nf6 4. e3 b6 5. Be2 Bb7 6. O-O Nc6 7. c4 Ne7 8. Nc3
Ng6 9. Ne5 Nxf4 10. exf4 Bb4 11. Bf3 Bxf3 12. Qxf3 Bxc3 13. Qxc3 O-O 14. Rfe1
c6 15. b4 b5 16. a4 bxc4 17. Qxc4 Rb8 18. g3 Qe7 19. Rab1 Rb7 20. Rb3 Rfb8 21.
Reb1 Qd6 22. b5 cxb5 23. Rxb5 Rxb5 24. Rxb5 Rxb5 25. axb5 Kf8 26. Qc8+ Ke7 27.
Qh8 Ne8 28. Qxh7 Qxd4 29. Qh4+ Nf6 30. Qg5 Kf8 31. Qg6 Kg8 32. Qf7+ Kh7 33.
Qg6+ Kg8 34. Qf7+ Kh7 35. h3 Ne4 36. Qh5+ Kg8 1/2-1/2

[Event "WinterChess marzo IM"]
[Site "Can Picafort (Palma de Mallorc"]
[Date "2014.03.26"]
[Round "5.2"]
[White "Stokke, Kjetil"]
[Black "Arroyo Salido, Marcelino-Eudor"]
[Result "1/2-1/2"]
[WhiteElo "2372"]
[BlackElo "2043"]
[PlyCount "44"]
[EventDate "2014.03.23"]

1. c4 Nf6 2. Nf3 e6 3. g3 b6 4. Bg2 Bb7 5. O-O c5 6. Nc3 d5 7. cxd5 Nxd5 8.
Nxd5 Bxd5 9. d4 Be7 10. dxc5 Bxc5 11. Qa4+ Qd7 12. Qg4 O-O 13. e4 f5 14. Qh4
fxe4 15. Ng5 h6 16. Bxe4 Nc6 17. Qh5 Nd4 18. Be3 Bxe4 19. Nxe4 Nf3+ 20. Kg2
Bxe3 21. fxe3 Rf5 22. Qg4 h5 1/2-1/2

[Event "WinterChess marzo IM"]
[Site "Can Picafort (Palma de Mallorc"]
[Date "2014.03.26"]
[Round "5.3"]
[White "Van Foreest, Jorden"]
[Black "Ivanov, Jordan"]
[Result "1-0"]
[WhiteElo "2380"]
[BlackElo "2375"]
[PlyCount "93"]
[EventDate "2014.03.23"]

1. e4 c5 2. Nf3 e6 3. d4 cxd4 4. Nxd4 Nc6 5. Nc3 Qc7 6. Be3 a6 7. Qd2 Nf6 8.
O-O-O Be7 9. f3 b5 10. g4 Nxd4 11. Qxd4 Bb7 12. g5 Nh5 13. Bh3 Rc8 14. Bg4 b4
15. Bxh5 bxc3 16. b3 O-O 17. Qxd7 Qa5 18. Kb1 Bxg5 19. Bxg5 Qxg5 20. Qxb7 Qxh5
21. Qxa6 Qxf3 22. Qd3 Qh5 23. Qe3 Qe5 24. Rd3 h6 25. a4 Rfd8 26. Rhd1 Rxd3 27.
Rxd3 g5 28. h3 Kg7 29. Ka2 Kg6 30. b4 Rc4 31. Kb3 Rxe4 32. Qc5 Qf4 33. a5 Qc1
34. Qxc3 Qb1+ 35. Ka4 h5 36. a6 g4 37. Kb5 Qg1 38. Qc5 Qa1 39. Re3 Rf4 40. hxg4
hxg4 41. Kb6 Rf5 42. Qc4 Qg1 43. Qe4 Kg5 44. a7 Rf3 45. a8=Q Rxe3 46. Qg8+ Kh4
47. Qh8+ 1-0

[Event "WinterChess marzo IM"]
[Site "Can Picafort (Palma de Mallorc"]
[Date "2014.03.26"]
[Round "5.4"]
[White "Van Foreest, Lucas"]
[Black "Constantinou, Peter"]
[Result "1-0"]
[WhiteElo "2147"]
[BlackElo "2270"]
[PlyCount "107"]
[EventDate "2014.03.23"]

1. d4 d5 2. c4 c6 3. Nc3 Nf6 4. e3 a6 5. Nf3 Bf5 6. b3 e6 7. Bb2 Bd6 8. Be2
Nbd7 9. O-O Ne4 10. Nxe4 dxe4 11. Ne5 Nf6 12. f4 h5 13. a4 Qe7 14. Bc3 g5 15.
fxg5 Ng4 16. Bxg4 hxg4 17. c5 Bc7 18. g3 Qxg5 19. Qe2 Rh3 20. Rf2 Qh5 21. Rg2
Ke7 22. Nc4 Rh8 23. Nd6 Bxd6 24. cxd6+ Kxd6 25. d5 exd5 26. Bxh8 Qxh8 27. Rf1
Be6 28. Qd2 Kc7 29. Qa5+ Kd7 30. Qb6 Qb8 31. b4 Qc7 32. Qd4 Rh5 33. Rgf2 Ke8
34. Qg7 Qe7 35. Rf6 Re5 36. R6f2 f6 37. Qh8+ Qf8 38. Qxf8+ Kxf8 39. Rxf6+ Ke7
40. Rg6 b6 41. Rg7+ Kd6 42. Ra7 d4 43. exd4 Rd5 44. Rxa6 Rxd4 45. Rxb6 Bd5 46.
Re1 Kc7 47. a5 Rd2 48. b5 Ra2 49. Ra6 cxb5 50. Rc1+ Bc4 51. Re6 Kb7 52. Rxe4
Be2 53. Re7+ Ka6 54. Rc6+ 1-0

[Event "WinterChess marzo IM"]
[Site "Can Picafort (Palma de Mallorc"]
[Date "2014.03.26"]
[Round "5.5"]
[White "Nilsen, Joachim Birger"]
[Black "Diaz Nunez, Adolfo"]
[Result "1-0"]
[WhiteElo "2304"]
[BlackElo "2258"]
[PlyCount "87"]
[EventDate "2014.03.23"]

1. Nf3 d5 2. c4 c6 3. g3 Nf6 4. Bg2 dxc4 5. O-O Nbd7 6. Na3 Nb6 7. Qc2 g6 8.
Nxc4 Nxc4 9. Qxc4 Bg7 10. d3 Nd5 11. h3 a5 12. Rb1 h6 13. Bd2 Be6 14. Qc1 Qd7
15. Kh2 g5 16. a3 a4 17. e4 Nc7 18. Bc3 Bxc3 19. bxc3 Bb3 20. d4 Nb5 21. Nd2
Be6 22. Rxb5 cxb5 23. d5 Rc8 24. dxe6 Qxe6 25. Qb2 Qe5 26. Rc1 Qc5 27. Nf3 e5
28. Ne1 O-O 29. Nd3 Qd6 30. Nb4 f5 31. exf5 Rxf5 32. Be4 Rff8 33. Qe2 Rcd8 34.
Bd5+ Kg7 35. Kg1 e4 36. Qxe4 Qf6 37. Qe3 Rd7 38. Bg2 Qe7 39. Nd5 Qxe3 40. fxe3
Rfd8 41. e4 Rf7 42. Rb1 Rdf8 43. Rxb5 Rf2 44. Nf4 1-0

[Event "WinterChess marzo IM"]
[Site "Can Picafort (Palma de Mallorc"]
[Date "2014.03.27"]
[Round "6.1"]
[White "Lyell, Mark"]
[Black "Diaz Nunez, Adolfo"]
[Result "1/2-1/2"]
[WhiteElo "2205"]
[BlackElo "2258"]
[PlyCount "70"]
[EventDate "2014.03.23"]

1. e4 c6 2. d4 d5 3. exd5 cxd5 4. c4 Nf6 5. Nc3 Nc6 6. Bg5 Be6 7. a3 g6 8. Bxf6
exf6 9. c5 Bg7 10. Bb5 O-O 11. Nge2 f5 12. Qd2 Qf6 13. Bxc6 bxc6 14. f4 Bc8 15.
O-O-O Ba6 16. Ng1 Rab8 17. Nf3 Rb3 18. Ne5 Qe6 19. Rhe1 Qc8 20. Na2 Bc4 21. Nb4
Bxe5 22. dxe5 Qb7 23. Qd4 a5 24. Nc2 Rb8 25. e6 Rxb2 26. e7 Rb1+ 27. Kd2 Rxd1+
28. Kxd1 Re8 29. Qf6 Bb3 30. Re3 d4 31. Qxd4 Be6 32. Qd6 Qxe7 33. Qxe7 Rxe7 34.
Kd2 Rb7 35. Nd4 Bd5 1/2-1/2

[Event "WinterChess marzo IM"]
[Site "Can Picafort (Palma de Mallorc"]
[Date "2014.03.27"]
[Round "6.2"]
[White "Constantinou, Peter"]
[Black "Nilsen, Joachim Birger"]
[Result "1/2-1/2"]
[WhiteElo "2270"]
[BlackElo "2304"]
[PlyCount "83"]
[EventDate "2014.03.23"]

1. d4 Nf6 2. c3 g6 3. Bg5 Bg7 4. Nd2 O-O 5. Ngf3 d6 6. e4 Qe8 7. Bd3 e5 8. dxe5
dxe5 9. O-O h6 10. Bh4 Nh5 11. Re1 Nd7 12. Nc4 Nc5 13. Bf1 Nf4 14. b4 Na4 15.
Qc2 Nb6 16. Na5 Rb8 17. Nd2 Bd7 18. Nab3 Na4 19. f3 Kh7 20. Bf2 Ra8 21. Nc4 h5
22. Nc5 Nxc5 23. Bxc5 Ba4 24. Qf2 Rg8 25. Nb2 Bb5 26. Bxb5 Qxb5 27. a4 Qc6 28.
b5 Qe6 29. Red1 b6 30. Be3 Rgd8 31. Qc2 h4 32. c4 Bf8 33. Rxd8 Rxd8 34. Rd1
Rxd1+ 35. Nxd1 Bb4 36. Nf2 Kg8 37. Kf1 h3 38. Bxf4 hxg2+ 39. Kxg2 exf4 40. Qd3
Bc5 41. Nd1 Qf6 42. Qd5 1/2-1/2

[Event "WinterChess marzo IM"]
[Site "Can Picafort (Palma de Mallorc"]
[Date "2014.03.27"]
[Round "6.3"]
[White "Ivanov, Jordan"]
[Black "Van Foreest, Lucas"]
[Result "1-0"]
[WhiteElo "2375"]
[BlackElo "2147"]
[PlyCount "77"]
[EventDate "2014.03.23"]

1. d4 Nf6 2. c4 g6 3. Nc3 Bg7 4. e4 d6 5. Bd3 O-O 6. Nge2 e5 7. d5 Nh5 8. h3 f5
9. exf5 gxf5 10. g4 fxg4 11. hxg4 Bxg4 12. Qc2 h6 13. Be3 Na6 14. O-O-O Nb4 15.
Qd2 Nxd3+ 16. Qxd3 Nf4 17. Qd2 Qf6 18. Rdg1 h5 19. Nxf4 exf4 20. Bd4 Qxd4 21.
Qxd4 Bxd4 22. Rxh5 Bg7 23. Rxg4 Rae8 24. Nb5 Rf7 25. Nd4 Re1+ 26. Kd2 Rf1 27.
Ke2 Rb1 28. Kf3 Rxb2 29. Ne6 Rxa2 30. Rhg5 Ra3+ 31. Ke4 Ra4 32. Rxg7+ Rxg7 33.
Rxg7+ Kh8 34. Kf5 Rxc4 35. Rg4 c6 36. Nd8 cxd5 37. Nf7+ Kh7 38. Kf6 Rd4 39.
Rg7# 1-0